Datum a čas kvízu
26
Celkem bodů
Celkový počet nahraných bodů na tomto kvízu bez doplňovacích otázek.
7.
Pořadí na kvízu
Konečné umístění týmu na tomto kvízu.
Zaznamenané odpovědi
| # | Otázka | Odpověď | Body | Výsledky |
|---|---|---|---|---|
| 1. | Kardiochirurgické centrum Faku... | spalničky | 0 | |
| 2. | Dosavadní japonský císař Akihi... | Naruhito | 1 | |
| 3. | Jak se jmenuje známý český pár... | Tatiana Vilhelmová, Vojtěch Dyk | 1 | |
| 4. | Autobusový dopravce Flixbus po... | Eurolines | 0 | |
| 5. | Slovenský výrobce minerální vo... | Deutschland, Deutschland über alles (Německo, Německo nade vše) | 1 | |
| 6. | Jelikož minulý týden uplynulo... | Německo | 1 | |
| 7. | V celkem kolika státech EU (vč... | v sedmi státech | 1 | |
| 8. | Která ze členských zemí EU má... | Švédsko | 0 | |
| 9. | Které tři státy EU mají nejmen... | Kypr, Lucembursko, Malta | 0 | |
| 10. | V roce 1986 rozšířily Evropská... | Španělsko a Portugalsko | 1 |